Animated Movies of the Last 25 Years Quiz Stats

 Plays Quiz Updated Jan 2, 2018

Score 0/25 Timer 08:00
0 Plays Today
% Correct
Finding Nemo
96.8%
Shrek
96.8%
Toy Story
96.5%
Ice Age
96.3%
The Lion King
96.3%
WALL-E
95.5%
Madagascar
94.7%
Happy Feet
94.7%
The Lego Movie
94.4%
The Boss Baby
93.4%
The Simpsons Movie
93.3%
Mulan
93.3%
Moana
92.1%
% Correct
Inside Out
91.3%
How to Train Your Dragon
90.8%
The Nightmare Before Christmas
87.3%
Chicken Run
82.9%
Rango
79.6%
The Iron Giant
76.5%
Hotel Transylvania
76%
Fantastic Mr. Fox
71.2%
James and the Giant Peach
71.1%
Anastasia
69.1%
Turbo
67.2%
Howl's Moving Castle
31.7%

You're not logged in!

Compare scores with friends on all Sporcle quizzes.
Join for Free
OR
Log In

You Might Also Like...

Show Comments

Extras

Top Quizzes Today


Score Distribution

Your Account Isn't Verified!

In order to create a playlist on Sporcle, you need to verify the email address you used during registration. Go to your Sporcle Settings to finish the process.

Report this User

Report this user for behavior that violates our Community Guidelines.

Details: